Legislación aplicable a las operaciones bancarias / (Record no. 136215)

MARC details
000 -LEADER
campo de control de longitud fija 01095nam a2200253 4500
001 - NÚMERO DE CONTROL
campo de control 136215
003 - IDENTIFICADOR DE NÚMERO DE CONTROL
campo de control ES-MaACL
005 - FECHA Y HORA DE LA ÚLTIMA TRANSACCIÓN
campo de control 20250809042006.0
007 - CAMPO FIJO DE DESCRIPCIÓN FÍSICA--INFORMACIÓN GENERAL
campo de control de longitud fija t|
008 - DATOS DE LONGITUD FIJA--INFORMACIÓN GENERAL
campo de control de longitud fija 070214s1952 sp r ||||1| spa d
100 1# - ENTRADA PRINCIPAL--NOMBRE DE PERSONA
Nombre de persona Ruiz Vélez-Frías, Florián.
9 (RLIN) 100950
245 10 - MENCIÓN DEL TÍTULO
Título Legislación aplicable a las operaciones bancarias /
Mención de responsabilidad, etc. por Florián Ruiz Vélez-Frías y Julio Robles Pompa.
260 ## - PUBLICACIÓN, DISTRIBUCIÓN, ETC.
Lugar de publicación, distribución, etc. Madrid :
Nombre del editor, distribuidor, etc. [s. n.],
Fecha de publicación, distribución, etc. 1952 (
Fabricante Imp. Enrique Cruces)
300 ## - DESCRIPCIÓN FÍSICA
Extensión 203 p. ;
Dimensiones 24 cm.
490 1# - MENCIÓN DE SERIE
Mención de serie Preparación para oficiales y auxiliares de banca
650 #7 - PUNTO DE ACCESO ADICIONAL DE MATERIA--TÉRMINO DE MATERIA
Término de materia o nombre geográfico como elemento de entrada Derecho y economía
Fuente del encabezamiento o término embne
9 (RLIN) 168403
710 2# - ENTRADA AGREGADA--NOMBRE DE ENTIDAD CORPORATIVA
Nombre de entidad corporativa o nombre de jurisdicción como elemento de entrada Robles Pompa, Julio.
9 (RLIN) 6454
830 0# - PUNTO DE ACCESO ADICIONAL DE SERIE-TÍTULO UNIFORME
Título uniforme Preparación para oficiales y auxiliares de banca
9 (RLIN) 219984
852 ## - LOCALIZACIÓN
Ubicación ES-MaACL
Número de control de estantería D-6432
Sublocalización o colección R.32590
-- R.M. 6026
itemnumber 141139
Ubicación en estantería Sala Valle Inclán
Marcas de propiedad Sello en tinta azul de la Biblioteca del Ateneo de Madrid
Nota libre En cubierta: "2. OCT. 1952"
-- En cubierta: "Donativo"
942 ## - ELEMENTOS DE ENTRADA SECUNDARIOS (KOHA)
Fuente del sistema de clasificación o colocación Clasificación decimal universal
Tipo de ítem Koha Libro impreso
Holdings
Estatus retirado Estado de pérdida Estado de daño No para préstamo Biblioteca de origen Biblioteca actual Ubicación en estantería Fecha de adquisición Fuente de adquisición Total de préstamos Signatura topográfica completa Código de barras Visto por última vez Precio de reemplazo Tipo de ítem Koha
        Biblioteca del Ateneo de Madrid Biblioteca del Ateneo de Madrid Sala Valle Inclán 17/01/2008     D-6432 901141765 23/02/2023 23/02/2023 Libro impreso